Kindheit und Schule in einer Welt der Umbrueche
Αποθηκεύτηκε σε:
| Κύριος συγγραφέας: | |
|---|---|
| Μορφή: | Βιβλίο |
| Γλώσσα: | German |
| Δημοσίευση: |
Gottingen :
Steidl,
1997
|
| Θέματα: | |
| Ετικέτες: |
Προσθήκη ετικέτας
Δεν υπάρχουν, Καταχωρήστε ετικέτα πρώτοι!
|
MARC
| LEADER | 00000nam a2200000 i 4500 | ||
|---|---|---|---|
| 001 | 1/9044 | ||
| 008 | 000731s1997 ger d | ||
| 020 | |a 3-88243-419-8 | ||
| 035 | |l 10062908 | ||
| 040 | |a GR-MY-UA |b gre |e aacr | ||
| 041 | 0 | |a ger | |
| 082 | 0 | |a 372.01 | |
| 100 | 1 | |a Negt, Oskar. | |
| 245 | 1 | 0 | |a Kindheit und Schule in einer Welt der Umbrueche / |c Oskar Negt |
| 260 | |a Gottingen : |b Steidl, |c 1997 | ||
| 300 | |a 432 p.; |c 22 cm | ||
| 650 | 0 | 0 | |a Early childhood education |z Germany. |
| 650 | 0 | 0 | |a Educational change |z Germany. |
| 650 | 0 | 0 | |a Education |x Aims and objectives |z Germany. |
| 650 | 0 | 0 | |a Learning, Psychology of. |
| 852 | |a INST |b RHODES |e 20000731 |h 372.01 NEG |p 005400014949 |q 005400014949 |t BK |y 0 | ||
| 901 | |a BIBL4-2000-2 | ||
| 909 | |a Ρ |b 065765 | ||
| 922 | |a 4ΕΛΗ |b 199905 |c ΚΠΣ/154 |d LEADER BOOKS | ||
| 970 | |z 2000/08/ΧΡΥΣΑΝΘΗ | ||